LEADER 01078nam a2200229 i 4500 001 000000198885 003 CaOOAMICUS 005 20140429000000.0 008 140429s1967 it u000 u fre u 013 $a177575 040 $aSeMil$bita 245 12$aL'Eglise grecque melkite au Concile :$bDiscours et notes du Patriarche Maximos 4. et des Prélats de son Eglise au Concile oecuménique Vatican 2. 260 $aBeyrouth :$bDar al-Kalima,$c1967. 300 $aXV, 533 p., [8] c. di tav. ;$c25 cm. 500 $aCon dedica autografa. - Fondo card. Giovanni Colombo. 650 4$aChiesa Melkita.$0(OLS)http://semarc/subject/10895 850 $aSeMil 852 $aSeMil$W1$xVenegono$y1$m3GC VII 81$j149438$B149438$CSeMilBibl$Z2$F160836 $8B 941 1 $a3 961 $aLascito: Colombo Card. Giovanni 996 $6245$aL'Eglise grecque melkite au Concile :$bDiscours et notes du Patriarche Maximos 4. et des Prélats de son Eglise au Concile oecuménique Vatican 2$9(OLS)http://semarc/title/287513 996 $6260$aBeyrouth :$bDar al-Kalima$9(OLS)http://semarc/publisher/51269 LEADER 00770nam a2200217 i 4500 001 000000224288 003 CaOOAMICUS 005 20220329141524.0 008 131029s1976 fr u000 u fre u 013 $a203186 040 $aSeMil$bita 100 1 $aBeaucamp, Évode,$c.$0(OLS)http://semarc/name/13235 245 10$aPs 1-72. 300 $aV, 330 p. 490 1 $aSources bibliques 773 0 $aBeaucamp, Évode $tPsautier.$dParis : Lecoffre, J. Gabalda et C., 1976-1979.$kSources bibliques$g1$w()28989 830 0$aSources bibliques.$0(OLS)http://semarc/title/505 850 $aSeMil 852 $aSeMil$W1$xVenegono$y1$m2VA VI 151$j270377$B174634$CSeMilBibl$Z2$F184711 $81 996 $6245$aPs 1-72$9(OLS)http://semarc/title/321403